000 01050nam a2200313 i 4500
001 bg
003 KOSZ 005
005 20200630132823.0
008 071020s1968 pl a f f 000 0 pol
015 _aPB 1968/7398
040 _aWA N
_cKOSZ 005/HR
_dKOSZ 005/HR
080 _a620.17
080 _a539.3/.6
080 _a(07)
100 1 _aGubrynowiczowa, Janina.
_eAutor
245 1 0 _aWytrzymałość materiałów /
_cJanina Gubrynowiczowa.
250 _aWyd. 4 popr.
260 _aWarszawa :
_bPaństwowe Wydawnictwo Naukowe,
_c1968.
300 _a365, [2] s. :
_bil. ;
_c24 cm.
380 _aKsiążki.
500 _aNa s. ostatniej mylnie: Wyd. 6.
504 _aBibliogr. s. [366].
521 _aPodręcznik dla słuchaczy wieczorowych szkół inżynieryjnych.
650 4 _aWytrzymałość materiałów
655 4 _aPodręcznik
710 2 _aPaństwowe Wydawnictwo Naukowe
_4pbl.
856 _uhttp://koha.tu.koszalin.pl/cgi-bin/koha/opac-detail.pl?biblionumber=11352
_yKatalog online BPK
942 _2UKD
_cKS
999 _c11352
_d11352